Date e Segno zodiacale - Quiz n°7 - Statistics

Statistiche generali
  • Questo quiz è stato fatto 8 volte
  • Il punteggio medio è 8 su 10
Statistiche sulle risposte
Hint Risposta % Corretto
1 novembre Scorpione
100%
8 febbraio Aquario
88%
25 dicembre Capricorno
88%
7 dicembre Sagittario
88%
27 ottobre Scorpione
75%
24 settembre Bilancia
63%
25 settembre Bilancia
63%
20 febbraio Pesci
63%
23 febbraio Pesci
63%
23 aprile Toro
63%
Nessun quiz corrispondente trovato
Distribuzione punteggi
Percentuale di utenti per punteggio
Percentile per numero di risposta
I tuoi punteggi nel tempo
Non hai fatto questo quiz